| 000 | 01471 a2200193 4500 | ||
|---|---|---|---|
| 001 | 53132 | ||
| 005 | 20260407155805.0 | ||
| 008 | 260407a1964 arg spa d | ||
| 003 | AR-UNSa-BCEJYS | ||
| 040 |
_aAR-UNSa-BCEJYS _bspa _cAR-UNSa-BCEJYS |
||
| 080 |
_a331.101 _xCuestiones laborales de carácter general. Teoría del trabajo. Ciencia del trabajo |
||
| 245 | 1 | 0 | _aIntroducción a la economía laboral |
| 264 | 1 |
_aBuenos Aires : _bTipográfica Editora Argentina _c1964 |
|
| 300 |
_a700 p. _c23 cm. |
||
| 505 | _aParte I. El mercado laboral: 1. Al estudiante - 2. La población y la fuerza laboral - 3. Mercados laborales en Estados Unidos – Parte II. El movimiento laboral: 4. La fuerza laboral organizada en la actualidad - 5. Los primeros 100 años: 1786-1886 - 6. La era de la ALF - 7. El surgimiento de la fuerza laboral organizada de 1963 hasta al presente - 8. Organización y administración sindical - 9. La negociación colectiva - 10. Huelgas, piquetes y boicots - 11. Orígenes y objetivos de la fuerza laboral organizada – Parte III. Seguridad de empleo: 12. El problema de la desocupación - 13. Ocupación plena, inflación, desarrollo económico, desocupación cíclica – Parte IV. Salarios: 14. El problema de los salarios. Diferenciales de salarios - 15. Teoría y política de los salarios. Problemas - 16. Reglamentación pública de los salarios | ||
| 942 | _cBK | ||
| 590 | _aniveau_biblio:m niveau_hierar:0 | ||
| 100 | 1 | _aPhelps, Orme W. | |
| 999 |
_c5111 _d5111 |
||